000 00418nam a2200181Ia 4500
001 24149
005 20260414151024.0
008 260414t2008||||xx |||||||||||||| ||spa||
041 _aESP
082 _a782.1
_bT824
100 _aTchaikovski, Piotr Ilich
_eAUT
245 0 _aEugene oneguin
_b
260 _c2008
300 _a76 páginas :
_c26 cm.
650 _aABD
654 _aCAU
942 _cLIB
_dJUS
_fJUS
_2ddc
_n
999 _c24149
_d24149